Social factors in economic development: The Argentine case
Đã lưu trong:
| Hovedforfatter: | |
|---|---|
| Format: | Bog |
| Sprog: | Undetermined |
| Udgivet: |
Cambridge
The M.I.T. Press, 1961
1961
|
| Fag: | |
| Tags: |
Tilføj Tag
Ingen Tags, Vær først til at tagge denne postø!
|
| Thư viện lưu trữ: | Trung tâm Học liệu Trường Đại học Cần Thơ |
|---|
| LEADER | 00567nam a2200205Ia 4500 | ||
|---|---|---|---|
| 001 | CTU_98929 | ||
| 008 | 210402s9999 xx 000 0 und d | ||
| 082 | |a 330.982 | ||
| 082 | |b F487 | ||
| 100 | |a Fillol, Tomás Roberto | ||
| 245 | 0 | |a Social factors in economic development: | |
| 245 | 4 | |b The Argentine case | |
| 245 | 0 | |c Tomás Roberto Fillol | |
| 260 | |a Cambridge | ||
| 260 | |b The M.I.T. Press, 1961 | ||
| 260 | |c 1961 | ||
| 650 | |a Argentina | ||
| 650 | |z Social conditions | ||
| 904 | |i Giang | ||
| 980 | |a Trung tâm Học liệu Trường Đại học Cần Thơ | ||